|
|
|
|
| LEADER |
00000nab a2200000 ar4500 |
| 001 |
vtls008963119 |
| 003 |
SK-MaSNL |
| 005 |
20260303070740.0 |
| 008 |
070411c2007 xo wr|p|||||||000 b|slo |
| 038 |
|
|
|a KNKJS
|
| 040 |
|
|
|a KNKJS
|b slo
|c KNKJS
|e AACR2
|
| 041 |
0 |
|
|a slo
|
| 044 |
|
|
|a xo
|c SK
|
| 080 |
|
|
|a 352
|2 2001
|
| 245 |
0 |
0 |
|a Uznesenie z 2. zasadnutia Mestského zastupiteľstva v Komárne konaného dňa 25. januára 2007
|
| 610 |
1 |
7 |
|a Komárno (Slovensko).
|b Mestské zastupiteľstvo
|2 knkjs
|9 175326
|
| 648 |
|
7 |
|a 2007
|2 knkjs
|9 313226
|
| 655 |
|
7 |
|a uznesenia
|2 knkjs
|9 70216
|
| 773 |
0 |
|
|t Komárňanské listy=Komáromi lapok
|g Roč. XVII, č. 4 (2007), s. 8-10
|
| 852 |
|
|
|a KNKJS
|b KIS3GCP
|
| 958 |
|
|
|a SK
|
| 999 |
|
|
|c 1756761
|d 1758691
|